Tekst piosenki ,,Nie mówię tak, nie mówię nie" - Statystyki

Ogólne statystyki
  • Ten quiz został rozwiązany 43 razy
  • Średni wynik to 22 z 28
Statystyki odpowiedzi
Tekst % Poprawnych
Nie mogę Tobie nic {obiecać}
89%
nie mówię nie, jak kocha to {poczeka}
89%
nie mówię nie, jak kocha to {poczeka}
89%
nie mówię nie, jak kocha to {poczeka}
89%
Nie mówię tak, bo to temat {rzeka}
89%
Nie mówię tak, bo to temat {rzeka}
89%
Nie mówię tak, bo to temat {rzeka}
89%
ta {rzeka}nie cofa się
89%
nie mówię {tak}, nie mówię {nie}
84%
nie mówię {tak}, nie mówię {nie}
84%
nie mówisz {tak}, nie mówisz {nie}
84%
nie mówisz {tak}, nie mówisz {nie}
84%
do ciebie nie mam {żalu}, wiesz
79%
nie liczę {lat} a Ty mi uciekasz
79%
nie liczę {lat} a Ty mi uciekasz
79%
nie liczę {lat} a Ty mi uciekasz
79%
nie mogę siebie znów {pozbierać}
79%
w {głowie} tylko, tylko mieszam
79%
a {Ty} {mi} uciekasz...
74%
Zdanie po zdaniu, ulegamy {zalaniu}
68%
i tracę czas, on nie {zwalnia} {tempa}
63%
i tracę czas, on nie {zwalnia} {tempa}
63%
i tracę czas, on nie {zwalnia} {tempa}
63%
nie masz {humoru} do {żartów}
63%
Nie {oczekuję} nic na teraz
63%
nie {żałuj}, pocałuj mnie
63%
a jednak nie {żegnasz} się
58%
Psuje się {piękny} nastrój
58%
Nie znaleziono quizów pasujących do podanych kryteriów
Rozkład punktacji
Procent ludzi z każdym wynikiem
Percentyl według liczby udzielonych odpowiedzi
Twoja historia wyników
Nie rozwiązałeś tego quizu